| 000 | 00453nab a2200145Ia 4500 | ||
|---|---|---|---|
| 003 | ES-SlBCS | ||
| 005 | 20210601125506.0 | ||
| 008 | 140529s2001 xxu||||| |||| 00| 0 eng d | ||
| 041 | _aeng | ||
| 100 | 1 |
_aCompton, John J. _9132830 |
|
| 245 | 0 | 4 |
_aThe Persistence of the Problem of Freedom _c John J. Compton |
| 650 | 0 | 4 |
_aProblema de la Libertad _9159267 |
| 773 | 0 |
_tReview of Methaphysics _gvol. 55/1, nº. 217, 2001, págs. 95-116 _wRev843 |
|
| 942 | _cAR | ||
| 999 |
_c531185 _d531185 |
||